The way of the brush : (Record no. 11257)
[ view plain ]
| 000 -LEADER | |
|---|---|
| fixed length control field | 00581nam a2200205Ia 4500 |
| 020 ## - INTERNATIONAL STANDARD BOOK NUMBER | |
| ISBN | 0804831947 |
| 040 ## - CATALOGING SOURCE | |
| Transcribing agency | NBO |
| 082 ## - DEWEY DECIMAL CLASSIFICATION NUMBER | |
| Classification number | 759 BRI 1998 |
| 100 1# - MAIN ENTRY--AUTHOR NAME | |
| Personal name | Briessen, Fritz van |
| 245 14 - TITLE STATEMENT | |
| Title | The way of the brush : |
| Remainder of title | painting techniques of China and Japan / |
| 250 ## - EDITION STATEMENT | |
| Edition statement | 1st paper ed |
| 260 ## - PUBLICATION, DISTRIBUTION, ETC. (IMPRINT) | |
| Place of publication | Boston, Mass. : |
| Name of publisher | Tuttle Publishing. |
| Year of publication | 1998 |
| 300 ## - PHYSICAL DESCRIPTION | |
| Number of Pages | 329 p. |
| Other physical details | ill. ; |
| Dimensions | 28 cm |
| 500 ## - GENERAL NOTE | |
| General note | First published in 1962 |
| 650 #0 - SUBJECT ADDED ENTRY--TOPICAL TERM | |
| Topical Term | Ink painting, Chinese |
| 650 #0 - SUBJECT ADDED ENTRY--TOPICAL TERM | |
| Topical Term | Ink painting, Japanese |
| 650 #0 - SUBJECT ADDED ENTRY--TOPICAL TERM | |
| Topical Term | Painting, Chinese |
| 650 #0 - SUBJECT ADDED ENTRY--TOPICAL TERM | |
| Topical Term | Painting, Japanese |
| 942 ## - ADDED ENTRY ELEMENTS (KOHA) | |
| Koha item type | ADB |
| 952 ## - LOCATION AND ITEM INFORMATION (KOHA) | |
| Withdrawn status [LOCAL, KOHA] | 0 |
| Permanent Location | Date acquired | Koha item type | Lost status | Shelving location | Barcode | Current Location | Full call number |
|---|---|---|---|---|---|---|---|
| Library Block A | 2017-08-08 | សៀវភៅភាសាអង់គ្លេស | A088 | A11279 | Library Block A | 759 TUT 1998 A088 Or. |